Diagnostic and statistical manual of mental disorders : (Record no. 5446)

MARC details
000 -LEADER
fixed length control field 04015cam a22004098i 4500
001 - CONTROL NUMBER
control field 22280418
003 - CONTROL NUMBER IDENTIFIER
control field OSt
005 - DATE AND TIME OF LATEST TRANSACTION
control field 20260122100636.0
008 - FIXED-LENGTH DATA ELEMENTS--GENERAL INFORMATION
fixed length control field 211020s2022 dcu 001 0 eng
010 ## - LIBRARY OF CONGRESS CONTROL NUMBER
LC control number 2021051781
020 ## - INTERNATIONAL STANDARD BOOK NUMBER
International Standard Book Number 9780890425756
Qualifying information (hardcover ;
-- alk. paper)
020 ## - INTERNATIONAL STANDARD BOOK NUMBER
International Standard Book Number 9780890425763
Qualifying information (paperback ;
-- alk. paper)
020 ## - INTERNATIONAL STANDARD BOOK NUMBER
Canceled/invalid ISBN 9780890425770
Qualifying information (ebook)
035 ## - SYSTEM CONTROL NUMBER
System control number 22280418
040 ## - CATALOGING SOURCE
Language of cataloging eng
Transcribing agency Foundation University
Description conventions rda
042 ## - AUTHENTICATION CODE
Authentication code pcc
050 00 - LIBRARY OF CONGRESS CALL NUMBER
Classification number RC 455.2.C4
Item number .2022 D53
245 00 - TITLE STATEMENT
Title Diagnostic and statistical manual of mental disorders :
Remainder of title DSM-5-TR /
Statement of responsibility, etc. American Psychiatric Association.
246 1# - VARYING FORM OF TITLE
Title proper/short title DSM-5-TR
246 1# - VARYING FORM OF TITLE
Title proper/short title DSM-V-TR
250 ## - EDITION STATEMENT
Edition statement Fifth edition, text revision.
264 #1 - PRODUCTION, PUBLICATION, DISTRIBUTION, MANUFACTURE, AND COPYRIGHT NOTICE
Place of production, publication, distribution, manufacture Washington, DC :
Name of producer, publisher, distributor, manufacturer American Psychiatric Association Publishing,
Date of production, publication, distribution, manufacture, copy right date 2022.
Copyright Date 2022.
300 ## - PHYSICAL DESCRIPTION
Extent lxix, 1050 pages
Other physical details ;
Dimensions 26 cm
Materials specified resource
Type of unit volume
336 ## - CONTENT TYPE
Content type term text
Content type code txt
Source rdacontent
337 ## - MEDIA TYPE
Media type term unmediated
Media type code n
Source rdamedia
338 ## - CARRIER TYPE
Carrier type term volume
Carrier type code nc
Source rdacarrier
Materials specified resource
500 ## - GENERAL NOTE
General note Includes index.
520 ## - ABSTRACT, SUMMARY, ETC.
Abstract, Summary, etc. "The Diagnostic and Statistical Manual of Mental Disorders, Fifth Edition, Text Revision (DSM-5-TR), is the most comprehensive, current, and critical resource for clinical practice available to today's mental health clinicians and researchers. DSM-5-TR includes fully revised text and references, updated diagnostic criteria and ICD-10-CM codes since DSM-5 was published in 2013. It features a new disorder, prolonged grief disorder, as well as codes for suicidal behavior available to all clinicians of any discipline without the requirement of any other diagnosis. With contributions from over 200 subject matter experts, this updated volume boasts the most current text updates based on the scientific literature. Now in four-color and with the ability to authenticate each printed copy, DSM-5-TR provides a cohesive, updated presentation of criteria, diagnostic codes, and text. This latest volume offers a common language for clinicians involved in the diagnosis and study of mental disorders and facilitates an objective assessment of symptom presentations across a variety of clinical settings-inpatient, outpatient, partial hospital, consultation-liaison, clinical, private practice, and primary care. Important updates in DSM-5-TR include 1) fully revised text for each disorder with updated sections on associated features, prevalence, development and course, risk and prognostic factors, culture, diagnostic markers, suicide, differential diagnosis, and more; 2) addition of prolonged grief disorder (PGD) to Section II; 3) over 70 modified criteria sets with helpful clarifications since publication of DSM-5; 4) fully updated Introduction and Use of the Manual to guide usage and provide context for important terminology; 5) considerations of the impact of racism and discrimination on mental disorders integrated into the text; 6) new codes to flag and monitor suicidal behavior, available to all clinicians of any discipline and without the requirement of any other diagnosis; 7) fully updated ICD-10-CM codes implemented since 2013, including over 50 coding updates new to DSM-5-TR for substance intoxication and withdrawal and other disorders"--
Assigning source Provided by publisher.
630 02 - SUBJECT ADDED ENTRY--UNIFORM TITLE
Uniform title Diagnostic and statistical manual of mental disorders.
Version 5th ed
9 (RLIN) 14216
650 12 - SUBJECT ADDED ENTRY--TOPICAL TERM
Topical term or geographic name entry element Mental Disorders
General subdivision classification
9 (RLIN) 14217
650 22 - SUBJECT ADDED ENTRY--TOPICAL TERM
Topical term or geographic name entry element Mental Disorders
General subdivision diagnosis
9 (RLIN) 14218
658 ## - INDEX TERM--CURRICULUM OBJECTIVE
Main curriculum objective Psychology, Bachelor of Science in.
710 2# - ADDED ENTRY--CORPORATE NAME
Corporate name or jurisdiction name as entry element American Psychiatric Association,
Relator term issuing body.
9 (RLIN) 14219
776 08 - ADDITIONAL PHYSICAL FORM ENTRY
Relationship information Online version:
Main entry heading Diagnostic and statistical manual of mental disorders
Edition Fifth edition, text revision.
Place, publisher, and date of publication Washington, DC : American Psychiatric Association Publishing, [2022]
International Standard Book Number 9780890425770
Record control number (DLC) 2021051782
856 ## - ELECTRONIC LOCATION AND ACCESS
Uniform Resource Identifier <a href="https://drive.google.com/file/d/1CooDO_YHBbVDrqJbduEY6_zOVOvrB7Yj/view?usp=sharing">https://drive.google.com/file/d/1CooDO_YHBbVDrqJbduEY6_zOVOvrB7Yj/view?usp=sharing</a>
Link text Click here to view the table of content
942 ## - ADDED ENTRY ELEMENTS (KOHA)
Source of classification or shelving scheme Library of Congress Classification
Koha item type Books
Edition Fifth edition, text revision.
Classification part RC 455.2.C4
Item part .2022 D53
Call number prefix (CAS-Psy.)
Holdings
Uniform Resource Identifier Withdrawn status Lost status Source of classification or shelving scheme Damaged status Not for loan Collection code Home library Current library Shelving location Date acquired Source of acquisition Total Checkouts Full call number Barcode Date last seen Price effective from Koha item type Accession Number
https://drive.google.com/file/d/1CooDO_YHBbVDrqJbduEY6_zOVOvrB7Yj/view?usp=sharing     Library of Congress Classification     Non-fiction Foundation University Library Foundation University Library CoArts & Sciences 01/22/2026 QT   (CAS-Psy.) RC 455.2.C4 .2022 D53 0072026017006 01/22/2026 01/22/2026 Books CAS-Psy.-2026006